000 00215 a2200109 4500
999 _c4193
_d4188
040 _budc
245 _aProgramming in ansi c
250 _a2ed
260 _aMc Graw hill
942 _cG
100 _aBalagurusamy e
_91814